000 01905cam a22005054i 4500
003 PE-LiUPU
005 20250731165456.0
008 150623s r 000 0 d
020 _a1850756759
035 _a(Sirsi) i9781850756750
040 _aPE-LiUPU
_bspa
_cPE-LiUPU
_erda
049 _aPRUA
082 0 4 _a225.077
_bJS
_221
100 1 _aPaffenroth, Kim,
_d1966-,
_eautor.
245 1 4 _aThe story of Jesus according to L /
_cKim Paffenroth.
264 1 _aMidsomer Norton, Bath, Great Britain :
_bSheffield Academic Press,
_c1997.
300 _a200 páginas ;
_c24 centímetros
336 _atext
_2rdacontent
337 _aunmediated
_2rdamedia
338 _avolume
_2rdacarrier
490 0 _aJournal for the study of the N.T. Supplement Series ;
_v147
504 _aBibliografía: p. 166-181.
505 0 _aIntroduction and state of the question. -Limiting the material to be considered. -Vocabulary and style. -Formal characteristics. -Content. -Conclusions. -Appendix: a version of L.
526 _aSEG44
526 _aSEG26
526 _aP151
526 _aP150
526 _aP149
526 _aP146
526 _aP145
526 _aP126
526 _aP125
526 _aP92
526 _aP75
526 _aP74
526 _aP27
526 _aP15
630 _aBiblia.
_pN.T.
_pLucas
_xCrítica textual.
942 _2ddc
_cBOOK
949 _aRC 225.077 JS 147
_wDEWEY
_c1
_i45047
_lCCODEBUL1
_mBUL
_r0
_sY
_tBOOK
_u2015-6-24
_xTEOLOGIA
_PP35
_0COMPRA
_o.CIRCNOTE. No olvidar cambiar la fecha de devolución!!!!!!!
_o.STAFF. Colección General
994 _aC0
_bPEPRU
596 _a1
999 _aRC 225.077 JS 147
_wDEWEY
_c21929
_i45047
_f2021-11-8
_g6
_lCCODEBUL1
_mBUL
_r1
_sY
_tBOOK
_u2015-6-24
_xTEOLOGIA
_PP35
_0COMPRA
_o.CIRCNOTE. No olvidar cambiar la fecha de devolución!!!!!!!
_o.STAFF. Colección General
_d21929
980 _81
_gALBERTO SANCHEZ Responsable de Automatización